000 01468nam0a2200325 4500
001 RU\NLR\BIBL_A\012141702
005 20191217162502.0
010 _a978-5-00053-860-9
021 _aRU
_bКН-П-19-078439
_9КН-П-19-5689
035 _a(NLR Aleph) 012141702
035 _a(RuMoRGB)010126576
090 _a12100377
_c12100377
100 _a20191118d2020 u y0rusy50 ca
101 1 _arus
_ceng
102 _aRU
105 _aac||z|||000zy
200 1 _aСвобода от известного
_dFreedom from the known
_fДжидду Кришнамурти
_gс предисловием Дэвида Свитта
_gредактор английского текста Мэри Лютьенс
_g[пер. с англ.: С. Матвеев]
_zeng
210 _aМосква
_cАмрита-Русь
_d2020 [т.е. 2019]
215 _a175 с.
_cил., портр.
_d20
300 _aКн. фактически изд. в 2019 г.
510 1 _6z77790
_aFreedom from the known
_zeng
606 1 _aРелигиозная философия
_yИндия
_z20 в.
_2nlr_sh1
_2nlr_sh2
_3RU\NLR\AUTH\661253944
686 1 _aЮ3(5Ид)6-678
700 1 _aКришнамурти
_bД.
_f1895-1986
_gДжидду
_3RU\NLR\AUTH\777765
790 1 _6z77510
_aKrishnamurti
_bD.
_f1895-1986
_3RU\NLR\AUTH\777767
942 _cBOOK
980 _aNBR
980 _aNB